International R and D Spillovers and Institutions /

The empirical analysis in "International R and D Spillovers" (Coe and Helpman, 1995) is first revisited by applying modern panel cointegration estimation techniques to an expanded data set that we have constructed for the purpose of this study. The new estimates confirm the key results rep...

תיאור מלא

מידע ביבליוגרפי
מחבר ראשי: Hoffmaister, Willy
מחברים אחרים: Coe, David, Helpman, Elhanan
פורמט: כתב-עת
שפה:English
יצא לאור: Washington, D.C. : International Monetary Fund, 2008.
סדרה:IMF Working Papers; Working Paper ; No. 2008/104
גישה מקוונת:Full text available on IMF
LEADER 02043cas a2200265 a 4500
001 AALejournalIMF005057
008 230101c9999 xx r poo 0 0eng d
020 |c 5.00 USD 
020 |z 9781451869651 
022 |a 1018-5941 
040 |a BD-DhAAL  |c BD-DhAAL 
100 1 |a Hoffmaister, Willy. 
245 1 0 |a International R and D Spillovers and Institutions /  |c Willy Hoffmaister, David Coe, Elhanan Helpman. 
264 1 |a Washington, D.C. :  |b International Monetary Fund,  |c 2008. 
300 |a 1 online resource (35 pages) 
490 1 |a IMF Working Papers 
500 |a <strong>Off-Campus Access:</strong> No User ID or Password Required 
500 |a <strong>On-Campus Access:</strong> No User ID or Password Required 
506 |a Electronic access restricted to authorized BRAC University faculty, staff and students 
520 3 |a The empirical analysis in "International R and D Spillovers" (Coe and Helpman, 1995) is first revisited by applying modern panel cointegration estimation techniques to an expanded data set that we have constructed for the purpose of this study. The new estimates confirm the key results reported in Coe and Helpman about the impact of domestic and foreign R and D capital stocks on TFP. In addition, we show that domestic and foreign R and D capital stocks have measurable impacts on TFP even after controlling for the impact of human capital. Furthermore, we extend the analysis to include institutional variables, such as legal origin and patent protection, in order to allow for parameter heterogeneity based on a country's institutional characteristics. The results suggest that institutional differences are important determinants of total factor productivity and that they impact the degree of R and D spillovers. 
538 |a Mode of access: Internet 
700 1 |a Coe, David. 
700 1 |a Helpman, Elhanan. 
830 0 |a IMF Working Papers; Working Paper ;  |v No. 2008/104 
856 4 0 |z Full text available on IMF  |u http://elibrary.imf.org/view/journals/001/2008/104/001.2008.issue-104-en.xml  |z IMF e-Library